|
|
|
|
| LEADER |
00911nab#a2200325#ar4500 |
| 001 |
000108079 |
| 003 |
SVKKK |
| 005 |
20120510131329.0 |
| 008 |
110126c2008 xo |||||||||||||||b|slo |
| FMT |
|
|
|
| 015 |
|
|
|a SNBRB2012/05
|
| 038 |
|
|
|a SVKKK
|
| 040 |
|
|
|a SVKKK
|b slo
|e AACR2
|
| 041 |
0 |
|
|a slo
|
| 044 |
|
|
|a xo
|c SK
|
| 080 |
|
|
|a 551.44
|x (437.6)
|2 1997
|
| 100 |
1 |
|
|a Nudzíková, Ľubica
|4 aut
|
| 245 |
1 |
0 |
|a Návštevnosť sprístupnených jaskýň v roku 2007
|c Ľubica Nudzíková, Ľudovít Gaál
|
| 246 |
3 |
1 |
|a Show caves attendance in 2007
|
| 650 |
0 |
4 |
|a speleológia
|
| 650 |
0 |
4 |
|a jaskyne
|x sprístupnenie
|x návštevnosť
|y 2007
|z Slovensko
|
| 700 |
1 |
|
|a Gaál, Ľudovít
|4 aut
|
| 773 |
0 |
|
|t Aragonit
|g Roč. 13, č. 1 (2008), s. 53
|x 1335-213X
|
| 974 |
|
|
|a MI
|
| 992 |
|
|
|a RBX
|
| BAS |
|
|
|
| 852 |
|
|
|a SVKKK
|b BIB
|
| 856 |
4 |
|
|u http://www.ssj.sk/edicna-cinnost/aragonit/13-1/
|
| EXP |
|
|
|
| 998 |
|
|
|a SLO
|